000 00455nam a2200145Ia 4500
008 200103s9999||||xx |||||||||||||| ||und||
020 _a9789280142266
040 _aIMU-MPC
082 _aColumn-5
100 _aIMO
245 0 _aIBC code : international code for the construction and equipment of ships carrying dangerous chemical in bulk : with standards and guidelines relevant to the code
260 _bIMO
_c2007
300 _aviii, 259
942 _cBK
999 _c3344
_d3344